Теория и практика создания автоматизированных систем проектирования и управления: межвузовский сборник научных трудов

Bibliografiset tiedot
Yhteisötekijä: Казахский политехнический институт (КазПТИ)
Kieli:venäjä
Julkaistu: Алма-Ата, Изд-во КазПТИ, 1986
Aiheet:
Aineistotyyppi: MixedMaterials Kirja
KOHA link:https://koha.lib.tpu.ru/cgi-bin/koha/opac-detail.pl?biblionumber=270054

MARC

LEADER 00000nam0a2200000 4500
001 270054
005 20231101234319.0
035 |a (RuTPU)RU\TPU\book\293234 
090 |a 270054 
100 |a 20140923d1986 k y0rusy50 ca 
101 0 |a rus 
102 |a KZ 
105 |a a z 001zy 
200 1 |a Теория и практика создания автоматизированных систем проектирования и управления  |e межвузовский сборник научных трудов  |f Казахский политехнический институт (КазПТИ) 
210 |a Алма-Ата  |c Изд-во КазПТИ  |d 1986 
215 |a 157 с.  |c ил. 
320 |a Библиография в конце статей 
606 1 |a Проектно-конструкторские работы  |x Автоматизация и механизация  |2 stltpush  |3 (RuTPU)RU\TPU\subj\51822  |9 70383 
606 1 |a Автоматизация производственных процессов  |2 stltpush  |3 (RuTPU)RU\TPU\subj\610  |9 29485 
610 1 |a планы 
610 1 |a согласованность 
610 1 |a активные системы 
610 1 |a ресурсы 
610 1 |a распределение 
610 1 |a штамповка 
610 1 |a математическое моделирование 
610 1 |a фосфорное производство 
610 1 |a интегрированное управление 
610 1 |a агрегаты 
610 1 |a однотипное строение 
610 1 |a нагрузки 
610 1 |a распределение 
610 1 |a медеплавильные заводы 
610 1 |a производственные программы 
610 1 |a оптимальное планирование 
610 1 |a желтый фосфор 
610 1 |a программное обеспечение 
610 1 |a пакеты прикладных программ 
610 1 |a автоматизированные системы управления 
610 1 |a АСУ 
610 1 |a промышленные газы 
610 1 |a утилизация 
610 1 |a структуризация 
610 1 |a имитационное моделирование 
610 1 |a бетонные смеси 
610 1 |a техническая вязкость 
610 1 |a адаптивная стабилизация 
675 |a 658.512.2  |v 3 
675 |a 65.011.56  |v 3 
712 0 2 |a Казахский политехнический институт (КазПТИ)  |c (1960-1994)  |c (Алма-Ата)  |2 stltpush  |3 (RuTPU)RU\TPU\col\316 
801 1 |a RU  |b 63413507  |c 20140923 
801 2 |a RU  |b 63413507  |c 20170303  |g RCR 
942 |c BK